| 000 | 00376pab a2200145 454500 | ||
|---|---|---|---|
| 008 | 180718b2003 xxu||||| |||| 00| 0 eng d | ||
| 100 | _aSingh, B.D. | ||
| 245 | _aPlacing participative management in right perspective | ||
| 260 | _c2003 | ||
| 300 | _ap.205-15. | ||
| 362 | _aOct | ||
| 650 | _aManagement | ||
| 773 | _aIndian Journal of Industrial Relations | ||
| 909 | _a59188 | ||
| 999 |
_c59188 _d59188 |
||